000 00616nam a2200241 a 4500
001 nice12345678
003 IN_TiNIC
005 20260116012248.0
008 050524s1979 newa grp 000 0 eng
020 _a051727
_c100
082 0 0 _a229
_bSCH
100 _aSchepps, Solomon J
245 _aLost Books of the Bible.
260 _aNew York
_bBell Publishing Company
_c1979
300 _a293p
500 _aincludes index and biblioraphy
505 2 _aGlossary of Arabic terms
650 _aApocryphal Gospels
700 1 _aSchepps, Solomon J
902 _bSRS
942 _cBK
999 _c6291
_d6291